La magia de empoderarte : (Record no. 193546)
[ view plain ]
| 000 -LEADER | |
|---|---|
| campo de control de longitud fija | 01482nam a2200325 i 4500 |
| 001 - NÚMERO DE CONTROL | |
| campo de control | 193546 |
| 003 - IDENTIFICADOR DE NÚMERO DE CONTROL | |
| campo de control | ES-MaACL |
| 005 - FECHA Y HORA DE LA ÚLTIMA TRANSACCIÓN | |
| campo de control | 20250822012615.0 |
| 008 - DATOS DE LONGITUD FIJA--INFORMACIÓN GENERAL | |
| campo de control de longitud fija | 240201s2023 sp ||||| |||| 00| 0 spa d |
| 017 ## - NÚMERO DE COPYRIGHT O DE DEPÓSITO LEGAL | |
| Número de copyright o de depósito legal | M 28772-2023 |
| 020 ## - NÚMERO INTERNACIONAL ESTÁNDAR DEL LIBRO | |
| Número Internacional Estándar del Libro | 9788419619280 |
| 040 ## - FUENTE DE CATALOGACIÓN | |
| Centro catalogador/agencia de origen | ES-MaACL |
| Centro/agencia transcriptor | ES-MaACL |
| 080 ## - NÚMERO DE LA CLASIFICACIÓN DECIMAL UNIVERSAL | |
| Identificador de la edición | 159.923.2-055.2 |
| 100 #0 - ENTRADA PRINCIPAL--NOMBRE DE PERSONA | |
| Nombre de persona | Fonseca, Noeleen |
| 9 (RLIN) | 234849 |
| Término indicativo de función/relación | Autor |
| 245 13 - MENCIÓN DEL TÍTULO | |
| Título | La magia de empoderarte : |
| Resto del título | 9 secretos para mujeres como tú / |
| Mención de responsabilidad, etc. | prólogo de Cristina Soria. |
| 250 ## - MENCION DE EDICION | |
| Mención de edición | Primera edición: octubre 2023 |
| 264 #1 - PRODUCCIÓN, PUBLICACIÓN, DISTRIBUCIÓN, FABRICACIÓN Y COPYRIGHT | |
| Producción, publicación, distribución, fabricación y copyright | [Madrid] : |
| Nombre del de productor, editor, distribuidor, fabricante | Ediciones Isthar Luna Sol, |
| Fecha de producción, publicación, distribución, fabricación o copyright | 2023. |
| 300 ## - DESCRIPCIÓN FÍSICA | |
| Extensión | 200 páginas ; |
| Dimensiones | 22 cm |
| 520 ## - RESUMEN, ETC. | |
| Sumario, etc. | Este libro ofrece al lector una ayuda para empoderarse en los momentos en los que más podría necesitarlo. 9 experiencias para superar la violencia de género, el abuso sexual en la infancia, la enfermedad o la pérdida de un hijo. |
| 650 #7 - PUNTO DE ACCESO ADICIONAL DE MATERIA--TÉRMINO DE MATERIA | |
| Término de materia o nombre geográfico como elemento de entrada | Autoayuda |
| Fuente del encabezamiento o término | embne |
| 9 (RLIN) | 10421 |
| 650 #7 - PUNTO DE ACCESO ADICIONAL DE MATERIA--TÉRMINO DE MATERIA | |
| Término de materia o nombre geográfico como elemento de entrada | Autorrealización (Psicología) |
| Fuente del encabezamiento o término | embne |
| 9 (RLIN) | 226457 |
| 700 ## - ENTRADA AGREGADA--NOMBRE PERSONAL | |
| Nombre de persona | Soria, Cristina |
| 9 (RLIN) | 235012 |
| Término indicativo de función/relación | Autor de introducción |
| 852 ## - LOCALIZACIÓN | |
| Ubicación | ES-MaACL |
| Sublocalización o colección | R.154809 |
| Ubicación en estantería | Depósito J |
| Número de control de estantería | N-9693 |
| Donativo/Legado | Donación: María J. A. Donis |
| Encuadernación | Encuadernación rústica con solapas |
| itemnumber | 201162 |
| Anotaciones manuscritas | Dedicatoria autógrafa de la autora y donante |
| 903 ## - NOMBRE PERSONAL DE DONANTE | |
| a | Donis, Maria |
| e | Donante |
| 942 ## - ELEMENTOS DE ENTRADA SECUNDARIOS (KOHA) | |
| Suprimir en OPAC | No |
| Tipo de ítem Koha | Libro impreso |
| Estatus retirado | Estado de pérdida | Fuente del sistema de clasificación o colocación | Estado de daño | No para préstamo | Colección | Biblioteca de origen | Biblioteca actual | Ubicación en estantería | Fecha de adquisición | Fuente de adquisición | Total de préstamos | Signatura topográfica completa | Código de barras | Visto por última vez | Precio de reemplazo | Tipo de ítem Koha |
|---|---|---|---|---|---|---|---|---|---|---|---|---|---|---|---|---|
| Clasificación decimal universal | Libros con dedicatorias | Biblioteca del Ateneo de Madrid | Biblioteca del Ateneo de Madrid | Depósito J | 02/11/2023 | Donación | N-9693 | 101206616 | 01/02/2024 | 01/02/2024 | Libro impreso |
